00414nam a2200181Ia 4500008004100000020001800041245002500059245001500084260001500099260001600114260000900130300001600139300002500155300001000180440002800190440000600218500000800224170705s9999 xx 000 0 und d a9781416905875 4aThe shadow thieves / cAnne Ursu. aNew York : bScholastic, c2006 a424 pages : bcolor illustration ; c22cm. aThe Cronus chronicles ; v1 a850